Statistiques concernant Les films de Michael Bay

Cliquez ici pour prendre le quiz!

Statistiques générales

  • Ce quiz a été pris 27 fois
  • Le résultat moyen est 7 sur 15

Statistiques - réponses

AnnéeFilm% Correct
2007Transformers
96%
2009Transformers 2 : La Revanche
83%
2011Transformers 3 : La Face cachée de la Lune
79%
2014Transformers : L'Âge de l'extinction
79%
2017Transformers: The Last Knight
79%
2022Ambulance
50%
1995Bad Boys
38%
2003Bad Boys 2
38%
2001Pearl Harbor
33%
2005The Island
33%
1996Rock
29%
201613 Hours
25%
1998Armageddon
25%
2013No Pain No Gain
25%
2019Six Underground
25%

Distribution des résultats

Percentile par nombre de réponses

% des personnes avec chaque résultat

Votre développement - résultats

Vous n’avez pas pris ce quiz